[Event "Olympiad-44"]
[Site "Chennai"]
[Date "2022.08.09"]
[Round "11.1"]
[White "Hashem, Khaled"]
[Black "Ahmad, Md Siraj Munir"]
[Result "1-0"]
[WhiteElo "1870"]
[BlackElo "2035"]
[PlyCount "67"]
[EventDate "2022.07.29"]
[EventType "team-swiss"]
[EventRounds "11"]
[EventCountry "IND"]
[SourceTitle "CBM 210"]
[Source "ChessBase"]
[SourceDate "2022.10.31"]
[SourceVersion "1"]
[SourceVersionDate "2022.10.31"]
[SourceQuality "1"]
[WhiteTeam "Kuwait"]
[BlackTeam "Brunei"]
[WhiteTeamCountry "KUW"]
[BlackTeamCountry "BRN"]

1. d4 d5 2. Nf3 Nf6 3. g3 g6 4. Bg2 Bg7 5. 0-0 0-0 6. c4 c6 7. Nbd2 Nbd7 8. b3 b6 9. Bb2 Bb7 10. Re1 Rc8 11. Qb1 c5 12. e3 h6 13. cxd5 cxd4 14. e4 d3 15. Qxd3 Nc5 16. Qb1 Ba6 17. Bf1 Bxf1 18. Kxf1 Qd7 19. Kg2 Qb5 20. Nc4 Ncxe4 21. Rxe4 Nxe4 22. Bxg7 Kxg7 23. Qxe4 Qc5 24. Rd1 Rcd8 25. Ne3 a5 26. Ne5 Rfe8 27. Qd4 Qxd4 28. Rxd4 f6 29. Nc6 Rd7 30. Nc4 Rb7 31. a4 Rc8 32. f4 Kf8 33. Re4 Rcc7 34. Nd8 1-0

[Event "Olympiad-44"]
[Site "Chennai"]
[Date "2022.08.05"]
[Round "7.1"]
[White "Ahmad, Md Siraj Munir"]
[Black "Enemchukwu, Chinedu Benjamin"]
[Result "0-1"]
[WhiteElo "2035"]
[BlackElo "1889"]
[PlyCount "148"]
[EventDate "2022.07.29"]
[EventType "team-swiss"]
[EventRounds "11"]
[EventCountry "IND"]
[SourceTitle "CBM 210"]
[Source "ChessBase"]
[SourceDate "2022.10.31"]
[SourceVersion "1"]
[SourceVersionDate "2022.10.31"]
[SourceQuality "1"]
[WhiteTeam "Brunei"]
[BlackTeam "Saint Vincent and the Grenadines"]
[WhiteTeamCountry "BRN"]
[BlackTeamCountry "SVI"]

1. e4 c5 2. Nf3 d6 3. Bb5+ Nc6 4. Bxc6+ bxc6 5. 0-0 g6 6. d4 c4 7. c3 Bg7 8. Qa4 Qb6 9. Na3 Ba6 10. Be3 Bb5 11. Qc2 d5 12. e5 Ba6 13. Qd2 Rb8 14. Rab1 h5 15. Rfe1 Nh6 16. h3 Bc8 17. Bf4 Rb7 18. e6 Bxe6 19. Rxe6 fxe6 20. Qe3 Nf7 21. Qxe6 c5 22. Qc8+ Nd8 23. dxc5 Qc6 24. Qxc6+ Nxc6 25. Bd2 e5 26. b4 a6 27. Nh4 Kf7 28. Nc2 d4 29. Na3 dxc3 30. Bxc3 Nd4 31. Kf1 Nb5 32. Nxb5 axb5 33. Rd1 Ra8 34. Rd2 Ra3 35. Rc2 Rba7 36. Nf3 Rxa2 37. Rxa2 Rxa2 38. Ng5+ Ke7 39. Ne4 Rc2 40. Ke1 Ke6 41. Bd2 Kd5 42. Nc3+ Kc6 43. Kd1 Rb2 44. Ne4 Bf8 45. Kc1 Ra2 46. Kb1 Ra8 47. Kb2 Be7 48. f3 Rg8 49. Bc3 Kd5 50. Kc2 g5 51. Bb2 g4 52. Nc3+ Kc6 53. hxg4 hxg4 54. Ne4 gxf3 55. gxf3 Rf8 56. Bxe5 Rxf3 57. Nc3 Bxc5 58. bxc5 Kxc5 59. Bg7 b4 60. Ne4+ Kc6 61. Bb2 Re3 62. Nf6 Re2+ 63. Kb1 c3 64. Bc1 b3 65. Ng4 Re1 66. Nf2 Kb5 67. Nd3 Rf1 68. Ne5 Kb4 69. Nd3+ Kc4 70. Ne5+ Kd5 71. Nd3 Kd4 72. Nb4 Kc4 73. Nc2 bxc2+ 74. Kxc2 Rf2+ 0-1

[Event "Brunei IM-B"]
[Site "Bandar Seri Begawan"]
[Date "2011.03.07"]
[Round "8"]
[White "Barbosa, Oliver"]
[Black "Ahmad, Md Siraj Munir"]
[Result "1-0"]
[WhiteElo "2506"]
[BlackElo "2100"]
[PlyCount "41"]
[EventDate "2011.03.04"]
[EventType "tourn"]
[EventRounds "9"]
[EventCountry "BRN"]
[EventCategory "3"]
[SourceTitle "CBM 141 Extra"]
[Source "ChessBase"]
[SourceDate "2011.05.03"]
[SourceVersion "1"]
[SourceVersionDate "2011.05.03"]
[SourceQuality "1"]

1. e4 c5 2. Nc3 Nc6 3. Bb5 g6 4. Bxc6 bxc6 5. d3 Bg7 6. f4 Rb8 7. Nf3 d6 8. 0-0 Nf6 9. Kh1 0-0 10. Qe1 Ne8 11. Rb1 Nc7 12. Be3 Nb5 13. Ne2 Be6 14. c4 Nc7 15. b3 Na6 16. f5 Bd7 17. Qh4 e5 18. f6 Bxf6 19. Ng5 h5 20. Ng3 Kg7 21. Nxh5+ 1-0

[Event "Brunei IM-B"]
[Site "Bandar Seri Begawan"]
[Date "2011.03.06"]
[Round "5"]
[White "Ahmad, Md Siraj Munir"]
[Black "Pg, L Wijaya Pg Hj Mohd"]
[Result "1/2-1/2"]
[WhiteElo "2100"]
[BlackElo "2301"]
[PlyCount "23"]
[EventDate "2011.03.04"]
[EventType "tourn"]
[EventRounds "9"]
[EventCountry "BRN"]
[EventCategory "3"]
[SourceTitle "CBM 141 Extra"]
[Source "ChessBase"]
[SourceDate "2011.05.03"]
[SourceVersion "1"]
[SourceVersionDate "2011.05.03"]
[SourceQuality "1"]

1. e4 e5 2. Nf3 Nc6 3. Nc3 Nf6 4. Bc4 h6 5. d3 Bc5 6. 0-0 0-0 7. h3 d6 8. Be3 Bb6 9. Bxb6 axb6 10. d4 exd4 11. Nxd4 Nxd4 12. Qxd4 1/2-1/2

[Event "Brunei IM-B"]
[Site "Bandar Seri Begawan"]
[Date "2011.03.05"]
[Round "4"]
[White "Nguyen, Anh Dung"]
[Black "Ahmad, Md Siraj Munir"]
[Result "1-0"]
[WhiteElo "2479"]
[BlackElo "2100"]
[PlyCount "39"]
[EventDate "2011.03.04"]
[EventType "tourn"]
[EventRounds "9"]
[EventCountry "BRN"]
[EventCategory "3"]
[SourceTitle "CBM 141 Extra"]
[Source "ChessBase"]
[SourceDate "2011.05.03"]
[SourceVersion "1"]
[SourceVersionDate "2011.05.03"]
[SourceQuality "1"]

1. c4 c6 2. e4 d5 3. exd5 cxd5 4. cxd5 Qxd5 5. Nc3 Qa5 6. Nf3 Nf6 7. d4 Bg4 8. h3 Bh5 9. Qb3 Bxf3 10. gxf3 Qc7 11. Bf4 Qb6 12. Qxb6 axb6 13. Bb5+ Kd8 14. d5 Nbd7 15. Rc1 h5 16. 0-0 h4 17. Na4 Rh5 18. Bc7+ Ke8 19. Nxb6 Rxa2 20. Bb8 1-0

[Event "Brunei IM-B"]
[Site "Bandar Seri Begawan"]
[Date "2011.03.04"]
[Round "1"]
[White "Vakhidov, Jahongir"]
[Black "Ahmad, Md Siraj Munir"]
[Result "1-0"]
[WhiteElo "2295"]
[BlackElo "2100"]
[PlyCount "37"]
[EventDate "2011.03.04"]
[EventType "tourn"]
[EventRounds "9"]
[EventCountry "BRN"]
[EventCategory "3"]
[SourceTitle "CBM 141 Extra"]
[Source "ChessBase"]
[SourceDate "2011.05.03"]
[SourceVersion "1"]
[SourceVersionDate "2011.05.03"]
[SourceQuality "1"]

1. d4 d5 2. c4 c6 3. Nf3 Nf6 4. Qc2 e6 5. cxd5 exd5 6. Nc3 Bd6 7. Bg5 0-0 8. e3 Re8 9. Bd3 h6 10. Bh4 b6 11. 0-0-0 Bb7 12. g4 g5 13. Bg3 Qc7 14. Bxd6 Qxd6 15. h4 Nxg4 16. hxg5 hxg5 17. Rdg1 Bc8 18. Bf5 Bxf5 19. Qxf5 1-0